ბათუმის შოთა რუსთაველის სახელმწიფო უნივერსიტეტის ბიბლიოთეკა

Справочное руководство по черчению. (ბიბ.ჩანაწერი № 37276)

000 -LEADER
fixed length control field 00664nam a2200205Ia 4500
001 - CONTROL NUMBER
control field 3235
003 - CONTROL NUMBER IDENTIFIER
control field GE_BSU
008 - FIXED-LENGTH DATA ELEMENTS--GENERAL INFORMATION
fixed length control field 181216s||||||||xx |||||||||||||| ||und||
040 ## - CATALOGING SOURCE
Transcribing agency GE_BSU
080 ## - UNIVERSAL DECIMAL CLASSIFICATION NUMBER
Universal Decimal Classification number 744(035.3)
100 ## - MAIN ENTRY--PERSONAL NAME
Personal name Годик,Е.И. Янушевский,С.К. Бирюкович,Л.К.
245 ## - TITLE STATEMENT
Title Справочное руководство по черчению.
245 ## - TITLE STATEMENT
Statement of responsibility, etc. Под. ред. Е.И.Годика; Гл. ред. В.К.Сердюк.
260 ## - PUBLICATION, DISTRIBUTION, ETC.
Place of publication, distribution, etc. М.
260 ## - PUBLICATION, DISTRIBUTION, ETC.
Name of publisher, distributor, etc. Машгиз.
260 ## - PUBLICATION, DISTRIBUTION, ETC.
Date of publication, distribution, etc. 1959.
300 ## - PHYSICAL DESCRIPTION
Extent 714 стр. 22 см.
653 ## - INDEX TERM--UNCONTROLLED
Uncontrolled term Справочное руководство по черчению.
942 ## - ADDED ENTRY ELEMENTS (KOHA)
Koha item type წიგნი
ეგზემპლარები
Withdrawn status Lost status Damaged status Not for loan Date acquired Barcode Date last seen Price effective from Koha item type Public note
        2018-12-17 9827 2018-12-17 2018-12-17 წიგნი დარბაზი